| 000 | 01721nam a2200325 a 4500 | ||
|---|---|---|---|
| 001 | BRCA_3129 | ||
| 005 | 20190320204127.0 | ||
| 008 | 040209s1862----fr-a---###---#000-0#fre-u | ||
| 041 | _afre | ||
| 044 | _afr | ||
| 084 |
_a432 _b.J36 _c1862 |
||
| 100 | 1 |
_aCervantes Saavedra, Miguel de _d1547-1616 _9213 |
|
| 245 | 1 | 0 |
_aHistoire de L´Admirable Don Quichotte de la Manche _cpar Miguel de Cervantes Saavedra. |
| 260 |
_aParís _bJenet, Louis, Magnin, Blachard _c1862 |
||
| 300 |
_a416 p. _bil. a color _c28 cm. |
||
| 500 | _aContenido : Primera parte. Texto abreviado. Segunda parte. Texto abreviado. Continuación por el traductor | ||
| 500 | _aEdición : Traduction nouvelle. Illustré de 28 grandes Lithographies | ||
| 500 | _aEs la traducción de Filleau de Saint-Martin, retocada y sumamente abreviada. Está dividida en tres parte: las primeras dos comprenden la novela cervantina muy abreviada, y la tercera contiene un extracto de la continuación de St. Martin. Va adornada con varias litografías, tiradas con pulcritud, pero con muchos defectos por lo que toca al dibujo. Hermosa edición, impresa en rico papel y nítidos tipos. Piel; lomera adornada con dorados Lúdovik Osterc | ||
| 500 | _aCon ex-libris de : Gaspard Koch | ||
| 500 | _aQM361 | ||
| 546 | _aTexto en : francés | ||
| 650 | 1 | 4 |
_aNovela española _yÉpoca clásica, 1500-1700 _9215 |
| 650 | 1 | 4 |
_aLiteratura española _yÉpoca clásica, 1500-1700 _9216 |
| 650 | 1 | 4 |
_aNovela española _ySiglo XVII _9217 |
| 650 | 1 | 4 |
_aDon Quijote (Personaje ficticio) _eNovela _9218 |
| 700 | 1 |
_aSaint-Martin, Francois Filleau de _d1632-1695 _eTraductor _98489 |
|
| 740 | 0 | _aEl Ingenioso Hidalgo Don Quijote de la Mancha | |
| 902 | _aQFM | ||
| 942 |
_2lcc _cB |
||
| 999 |
_c2865 _d2865 |
||